000 01030nam a2200265Ia 4500
003 OSt
005 20221005103844.0
006 a|||||r|||| 00| 0
007 ta
008 221004b |||||||| |||| 00| 0 hin d
020 _a9789380873183 (hbk)
_c700
024 _a26128
037 _b2343, 19/03/2016, Success Book Service
_cTextual
040 _aCRL
_cCRL
_bhin
041 _2hin
_ahin
082 _aW:50bY5927, 152Q1
100 _aमिश्रा, महेन्द्र कुमार
245 0 _aदलित अधिकार एवं व्यवहार
246 _aDalit adhikār evan vyavahāra
260 _aदिल्ली
_bएजुकेशनल पब्लिशर्स भारत
_c2011
300 _a265पृ0
_ccm.
650 _aराजनीतिक विज्ञान
942 _hW:50bY5927, 152Q1
_cTEXL
_2cc
999 _c1011101
_d1011101